=LDR 00000nam 2200000 4500 =001 INLIS000000000038420 =005 20130612144105 =008 ***********************************Ind** =035 ##$$0010-061300000038420 =041 ##$$a Ind =082 ##$$a 658.401 2 =090 ##$$a 658.401 2, Tom b =100 ##$$a Tomasro, Robert M =245 ##$$a Bigger isn't always better: Inspirasi sukses para pemimpin bisnis untuk menang dalam persaingan, Robert M. Tomasro; Penerjemah, Sugianto Yusuf =260 ##$$a 2008 $b Jakarta =300 ##$$a xvii,301 hlm, Ilus, 23 cm =650 ##$$a Menejemen Strategi =700 ##$$a Yusuf, Sugiarto =850 ##$$a NBPNMAT